[Event "MA7 Gruppe 2"]
[Site "Koge"]
[Date "2004.04.12"]
[Round "7"]
[White "Mortensen, Henrik"]
[Black "Jensen, Stig Gorm"]
[Result "1/2-1/2"]
[WhiteElo "1998"]
[BlackElo "2014"]
[PlyCount "129"]
[EventDate "2004.04.06"]
[EventType "tourn"]
[EventRounds "7"]
[EventCountry "DEN"]

1. f4 Nf6 2. Nf3 d5 3. e3 g6 4. d4 Bg7 5. Bd3 O-O 6. O-O b6 7. Qe2 Ne4 8. Nbd2
Nxd2 9. Bxd2 c5 10. c3 Nc6 11. Ne5 Qc7 12. Qf3 Nxe5 13. fxe5 Be6 14. e4 Rad8
15. Bg5 dxe4 16. Qxe4 cxd4 17. cxd4 Qd7 18. Be3 Bf5 19. Rxf5 Qxf5 20. Qxf5 gxf5
21. Bxf5 e6 22. Be4 Rc8 23. Rf1 f5 24. Bd3 Rfd8 25. h3 Rc7 26. Bb1 Kh8 27. a3
f4 28. Bf2 Rc6 29. Ba2 Bh6 30. Bb3 Kg7 31. Re1 Bg5 32. Kf1 Kf7 33. Ke2 Ke7 34.
Kf3 h5 35. Ke4 Rdc8 36. Re2 Rc1 37. Be1 Kf7 38. d5 exd5+ 39. Bxd5+ Kg6 40. Bb3
a5 41. Kf3 Rd8 42. Bc2+ Kf7 43. Bf2 Rf1 44. Ke4 f3 45. gxf3 Rd2 46. Rxd2 Bxd2
47. Bxb6 Bc1 48. Bxa5 Bxb2 49. Bb3+ Ke8 50. Bb4 Rf2 51. Bc4 Rh2 52. Bb5+ Kd8
53. e6 Bf6 54. Kf5 Be7 55. Ba5+ Kc8 56. a4 Rxh3 57. Bc6 Rh2 58. Kg6 h4 59. Kf7
Bd6 60. e7 Bxe7 61. Kxe7 Re2+ 62. Kf6 h3 63. f4 h2 64. f5 Rc2 65. Bf3 1/2-1/2

[Event "MA7 Gruppe 2"]
[Site "Koge"]
[Date "2004.04.12"]
[Round "7"]
[White "Lilja, Richard"]
[Black "Jensen, Lars Max"]
[Result "0-1"]
[WhiteElo "2008"]
[BlackElo "2004"]
[PlyCount "102"]
[EventDate "2004.04.06"]
[EventType "tourn"]
[EventRounds "7"]
[EventCountry "DEN"]

1. e4 e6 2. Nc3 d5 3. Nf3 Nf6 4. e5 Nfd7 5. d4 c5 6. dxc5 b6 7. cxb6 Qxb6 8.
Bd3 Nc6 9. Qe2 d4 10. Nd1 Nb4 11. Be4 Ba6 12. Qd2 Rc8 13. Qxd4 Nxc2+ 14. Bxc2
Rxc2 15. Qxb6 Re2+ 16. Kf1 axb6 17. Kg1 Bc5 18. Be3 Nxe5 19. Bxc5 bxc5 20. Rc1
Nd3 21. Rc3 e5 22. Ra3 e4 23. Rxa6 exf3 24. gxf3 Re1+ 25. Kg2 Nf4+ 26. Kg3 Rxh1
27. Nc3 Ne6 28. Ra8+ Nd8 29. Ne4 O-O 30. Nxc5 Rg1+ 31. Kh3 Ne6 32. Ra5 Rg5 33.
b4 Nxc5 34. bxc5 Rc8 35. f4 Rgxc5 36. Ra7 g6 37. Kg3 Rc3+ 38. f3 Rd3 39. Kg4
Rdd8 40. Rb7 Ra8 41. Rb2 Ra5 42. f5 Rxf5 43. f4 h5+ 44. Kg3 Rd3+ 45. Kh4 Rxf4+
46. Kg5 Rf5+ 47. Kh6 Rd8 48. a4 h4 49. Rb5 Rxb5 50. axb5 Rd5 51. h3 Rh5# 0-1

[Event "MA7 Gruppe 2"]
[Site "Koge"]
[Date "2004.04.12"]
[Round "7"]
[White "Nielsen, Per"]
[Black "Brekka, Hanus"]
[Result "0-1"]
[WhiteElo "2029"]
[BlackElo "2003"]
[PlyCount "64"]
[EventDate "2004.04.06"]
[EventType "tourn"]
[EventRounds "7"]
[EventCountry "DEN"]

1. d4 Nf6 2. c4 g6 3. Nc3 Bg7 4. e4 d6 5. f4 O-O 6. Nf3 Bg4 7. Be3 c6 8. h3
Bxf3 9. Qxf3 Qa5 10. e5 Nfd7 11. Bd3 Na6 12. O-O Nb4 13. Bb1 c5 14. d5 dxe5 15.
f5 Nf6 16. Ne4 Nxe4 17. Bxe4 Qb6 18. h4 Qd6 19. h5 h6 20. f6 Bxf6 21. hxg6 fxg6
22. Qg4 Bg5 23. Bxg5 hxg5 24. Qxg5 Kg7 25. a3 Na6 26. b4 cxb4 27. axb4 Nxb4 28.
Bxg6 Qb6+ 29. Kh2 Qxg6 30. Qxe7+ Rf7 31. Rxf7+ Qxf7 32. Qxb4 Qf4+ 0-1